1687 1140 1304 1130 1235 1937 1218 1571 1064 1993 1536 1374 1728 1203 1182 1285 1133 1758 1417 1486 1483 1713 1350 1840 1692 1186 1876 1380 1206 1176 1265 1259 1888 1837 1906 1958 1746 1089 1953 1511 1763 1872 1257 1241 1835 1853 1879 1499 1129 1071 1659 1422 1699 1502 1442 1296 1710 1843 1420 1431 1501 1356 1396 1146 1192 1559 1247 1256 1494 1598 1771 1140 1063 1448 1066 1740 1163 1947 1952 1084 1311 1995 1626 1505 1008 1055 1999 1260 1179 1546 1588 1812 1380 1311 1852 1475 1038 1722 1720 BCNSPRNW ULIB Ver.6.0+V

เปลี่ยนเป็นภาษาไทย

Change to English
 แสดงรายละเอียดบรรณานุกรม
  กลับหน้าหลัก

Brief Record : Get Marc (ISO 2709) : E-mail record : QR code < ปิดหน้าต่าง
LEADER : 00000nam 2200000uu 4500
001    13399122591
003     ULIB
008    020711s2545 th a 000 0 tha d
020    9747406349
090    นว.^bV643ล
100    Victor Hugo;^e เขียน
245    ลูกทะเล /^cVictor Hugo ; เขียน,ธีรา สุขสวัสดิ์ ณ อยุธยา ; แปล
260    กรุงเทพฯ :^bข้าวฟ่าง,^c2545
300    276 หน้า
700    ธีรา สุขสวัสดิ์ ณ อยุธยา ;^e แปล
945    ^p140^l0^i20037
999    ^aทศพร เกษรทอง
รายการนี้ยังไม่มีแท็ก
คุณยังไม่ได้ล็อกอิน คุณสามารถมีกิจกรรมร่วมกับเว็บไซต์ได้ แต่ต้องล็อกอินก่อน ::
  ล็อกอิน

รายการสื่อสารสนเทศ

ลำดับที่ ประเภท เลขเรียก/บาร์โค้ด สถานที่ สถานะ
1. นวนิยาย
นวนิยาย
นว. V643ล ฉ.1 
  Barcode: 20037
ห้องสมุดวิทยาเขตสวรรค์ประชารักษ์
►นวนิยาย
บนชั้น
  ขอยืม

BibComment


ยังไม่เคยถูกคอมเมนท์

คอมเมนท์ทรัพยากรรายการนี้
  คอมเมนท์: ลูกทะเล Victor H..


 Copyright 2026. Bcnsprnw @Library